00883nam a22002057a 450000500170000000800410001702000180005804000070007604100080008308200170009110000260010824500740013426000610020830000260026936500990029552002130039465000310060765000200063865000190065820260410144708.0260410b |||||||| |||| 00| 0 eng d a9789386310897 cAL aeng a621.31bVARP aK R Varmah and others aPower electronics b: design testing and simulation laboratory manual aNew DelhibCBS Publishers and Distributors Pvt Ltdc2020 ax,334pbPBc24.5x17cm 2Electronics and Communication EngineeringaVB-2645b₹281.25c₹d₹375.00e25%f20-02-2026 aPower electronics design testing and simulation laboratory Manual (pb 2017), Latest available information and guidelines are incorporated. Easy to understand and thorough content., varmah K R, CBS, paperback. aCircuit Design and Testing aMATLAB/Simulink aCircuit Design